000 00645nam a2200205Ia 4500
005 20220713151259.0
008 131103s9999 xx 000 0 und d
040 _aLoreto College
041 _aEnglish
082 _a307.76
_bALA
245 _aPerspectives on urbanization and migration
_b India and USSR
_cedited by S.Manzoor Alam and Fatima Alikhan
260 _aAhmedabad
_bAllied Publishers
_c1987
300 _axxiv, 550 p.
_b ill., figures, tables
504 _aIncludes index
650 _aMigration - India, USSR
651 _aFactors affecting social behaviour
700 _aAlam, S.Manzoor
_4ed.
850 _aLCLIB
942 _cBK
999 _c1739
_d52218